000 00480nam a2200169Ia 4500
008 100204s9999 xx 000 0 und d
082 _b27468
100 _aलाला रुसी
245 _aजल्लोष पेशीचा
250 _a0
260 _c2001
300 _a127
630 _aजल्लोष पेशीचा
700 _aडहाणूकर शरदिनी
730 _aजल्लोष पेशीचा
942 _cBOOK
999 _c472647
_d472644